Getting control / (Record no. 171480)

MARC details
000 -LEADER
fixed length control field 01036nam a22002891i 4500
003 - CONTROL NUMBER IDENTIFIER
control field OSt
005 - DATE AND TIME OF LATEST TRANSACTION
control field 20190311151833.0
008 - FIXED-LENGTH DATA ELEMENTS--GENERAL INFORMATION
fixed length control field 190307s2012 enk||||| |||| 001 0 eng d
020 ## - INTERNATIONAL STANDARD BOOK NUMBER
International Standard Book Number 9781780339825
Terms of availability RM 35.90
Qualifying information paperback
040 ## - CATALOGING SOURCE
Original cataloging agency PPAK
Language of cataloging eng
Transcribing agency PPAK
Description conventions rda
082 04 - DEWEY DECIMAL CLASSIFICATION NUMBER
Edition number 23
Classification number 616.8522706
090 ## - LOCALLY ASSIGNED LC-TYPE CALL NUMBER (OCLC); LOCAL CALL NUMBER (RLIN)
Classification number (OCLC) (R) ; Classification number, CALL (RLIN) (NR) 616.8522706
Feature heading BAE
Feature heading G
100 1# - MAIN ENTRY--PERSONAL NAME
Personal name Baer, Lee
Titles and words associated with a name Dr.
Relator term author.
245 ## - TITLE STATEMENT
Title Getting control /
Statement of responsibility, etc. Dr Lee Baer ; With a foreword by Judith L.Rapoport.
250 ## - EDITION STATEMENT
Edition statement Third edition.
264 #1 - PRODUCTION, PUBLICATION, DISTRIBUTION, MANUFACTURE, AND COPYRIGHT NOTICE
Place of production, publication, distribution, manufacture London :
Name of producer, publisher, distributor, manufacturer Robinson ;
Date of production, publication, distribution, manufacture, or copyright notice 2012
300 ## - PHYSICAL DESCRIPTION
Extent xvi, 366 pages :
Other physical details illustrations ;
Dimensions 20 cm.
336 ## - CONTENT TYPE
Source rdacontent
Content type term text
337 ## - MEDIA TYPE
Source rdamedia
Media type term unmediated
338 ## - CARRIER TYPE
Source rdacarrier
Carrier type term volume
500 ## - GENERAL NOTE
General note "Overcoming your obsessions, compulsions and OCD"--cover.<br/>
504 ## - BIBLIOGRAPHY, ETC. NOTE
Bibliography, etc. note Includes bibliographical references and index.
650 10 - SUBJECT ADDED ENTRY--TOPICAL TERM
Topical term or geographic name entry element Obsessive-compulsive disorder
Form subdivision Popular works.
Topical term or geographic name entry element Obsessive-compulsive disorder
Form subdivision Popular works.
General subdivision Treatment
700 1# - ADDED ENTRY--PERSONAL NAME
Personal name Rapoport, Judith L.
Relator term writer of foreword
942 ## - ADDED ENTRY ELEMENTS (KOHA)
Source of classification or shelving scheme Dewey Decimal Classification
Koha item type Book
Holdings
Withdrawn Not for loan Current library Shelving location Date acquired Total Checkouts Full call number Barcode Date last seen Date last checked out Koha item type Total Renewals
    Perpustakaan Alor Setar Pinjaman Dewasa 11/03/2019 3 616.8522706 BAE A01594645 18/10/2020 28/09/2020 Book  
    Perpustakaan Awam Sungai Petani Pinjaman Dewasa 11/03/2019 4 616.8522706 BAE A01594646 06/07/2020 15/06/2020 Book 1
    Perpustakaan Merbok Pinjaman Dewasa 11/03/2019   616.8522706 BAE A01594647 11/03/2019   Book